002620000a220007300045001000022000002450096000223000054001187730016001721 aReiland, Ralph R.10aThe incredible regulatory follies : Even children can't escape the long reach of regulation aVol. 46, Num. 8 (Agosto, 1996), Páginas 553-5540 tThe Freeman